000 00924cam a2200241 4500
001 ABS65555
008 020513n2002 000 0 eng u
035 _a(Sirsi) u117937
100 _aMadine, V.
245 _aSnakes and ladders
260 _c2002
490 _aBuilding
_v267(8231) 26 April 2002, 48-52(5)
520 _aOutlines the latest Hays Montrose/"Building" consultants' salary guide which reveals that while architects are sliding down the salary stakes, surveyors and engineers are still climbing. Tables. A full copy of the salary survey will be available on the "Building" website www.building.co.uk and the Hays Montrose site www.haysworks.com
590 _aABS
650 _aSALARY SURVEYS
650 _aSALARIES
650 _aARCHITECTS
650 _aSURVEYORS
650 _aENGINEERS
690 _aMANAGEMENT-BUSINESS MANAGEMENT-PROFESSIONAL PRACTICE
700 _aRaven, D.
942 _n0
999 _c70239
_d70239